Detalles MARC
| 000 -CABECERA |
| campo de control de longitud fija |
01164nam a2200265 a 4500 |
| 001 - NÚMERO DE CONTROL |
| campo de control |
000025532 |
| 005 - FECHA Y HORA DE LA ÚLTIMA TRANSACCIÓN |
| campo de control |
20200930023845.0 |
| 008 - DATOS DE LONGITUD FIJA--INFORMACIÓN GENERAL |
| campo de control de longitud fija |
110217s1966 mx r 001 0 spa d |
| 040 ## - FUENTE DE LA CATALOGACIÓN |
| Centro catalogador/agencia de origen |
DO-SdBNP |
| Lengua de catalogación |
spa |
| Centro/agencia transcriptor |
BNPHU |
| 082 ## - NÚMERO DE LA CLASIFICACIÓN DECIMAL DEWEY |
| Número de clasificación |
338.973 |
| Número de documento/Ítem |
B887r |
| 049 ## - FONDOS LOCALES (OCLC) |
| Fondos de biblioteca |
BNGR |
| 100 1# - ENTRADA PRINCIPAL--NOMBRE DE PERSONA |
| Nombre de persona |
Bruchey, Stuart R., |
| Fechas asociadas al nombre |
1917- |
| 9 (RLIN) |
52187 |
| 245 10 - MENCIÓN DE TÍTULO |
| Título |
Raíces del desarrollo económico norteamericano 1607-1861 : |
| Resto del título |
Ensayo sobre causalidad social / |
| Mención de responsabilidad, etc. |
Stuart Bruchey , traducción Luisa María Álvarez. |
| 260 ## - PUBLICACIÓN, DISTRIBUCIÓN, ETC. |
| Lugar de publicación, distribución, etc. |
México, D. F. : |
| Nombre del editor, distribuidor, etc. |
Unión Topográfica Editorial Hispano Americana, |
| Fecha de publicación, distribución, etc. |
1966. |
| 300 ## - DESCRIPCIÓN FÍSICA |
| Extensión |
xv, 209 p. ; |
| Dimensiones |
23 cm. |
| 490 1# - MENCIÓN DE SERIE |
| Mención de serie |
Biblioteca uthea de economía |
| 500 ## - NOTA GENERAL |
| Nota general |
Incluye índice de tablas. |
| 500 ## - NOTA GENERAL |
| Nota general |
Incluye índice alfabético. |
| 500 ## - NOTA GENERAL |
| Nota general |
Incluye referencias bibliográficas p. [195-205]. |
| 504 ## - NOTA DE BIBLIOGRAFÍA, ETC. |
| Nota de bibliografía, etc. |
Incluye referencias bibliográficas y notas al pie de las páginas. |
| 534 ## - NOTA SOBRE LA VERSIÓN ORIGINAL |
| Frase introductoria |
Título original: |
| Mención de título del original |
The roots of american economic growth 1607-1861, |
| Publicación, distribución, etc. del original |
New York : Harper & Row, 1965. |
| 650 #4 - PUNTO DE ACCESO ADICIONAL DE MATERIA--TÉRMINO DE MATERIA |
| Término de materia o nombre geográfico como elemento de entrada |
Desarrollo económico |
| Subdivisión geográfica |
Estados Unidos |
| Subdivisión general |
Ensayos |
| 9 (RLIN) |
52188 |
| 700 1# - PUNTO DE ACCESO ADICIONAL--NOMBRE DE PERSONA |
| Nombre de persona |
Álvarez, Luisa María, |
| Término indicativo de función/relación |
tr. |
| 9 (RLIN) |
47398 |
| 830 #0 - PUNTO DE ACCESO ADICIONAL DE SERIE-TÍTULO UNIFORME |
| Título uniforme |
Biblioteca uthea de economía |
| 9 (RLIN) |
52189 |